[Event "Zalakaros op 23rd"]
[Site "Zalakaros"]
[Date "2004.05.15"]
[Round "2"]
[White "Rezsek, Gyozo"]
[Black "Schild, Herbert"]
[Result "0-1"]
[WhiteElo "2150"]
[BlackElo "2014"]
[PlyCount "75"]
[EventDate "2004.05.14"]
[EventType "swiss"]
[EventRounds "9"]
[EventCountry "HUN"]
[SourceTitle "EXT 2008"]
[Source "ChessBase"]
[SourceDate "2007.11.25"]
[SourceVersion "1"]
[SourceVersionDate "2007.11.25"]
[SourceQuality "1"]

1. d4 Nf6 2. c4 g6 3. Nc3 Bg7 4. e4 d6 5. Be2 0-0 6. Bg5 a6 7. h4 h6 8. Be3 h5 9. f3 e5 10. d5 Qd7 11. Qd2 Nh7 12. g4 hxg4 13. fxg4 Nf6 14. g5 Ng4 15. Bxg4 Qxg4 16. Nge2 b5 17. Qc2 b4 18. Nd1 f5 19. gxf6 Bxf6 20. h5 Bh4+ 21. Kd2 g5 22. Qb3 Qxe4 23. Rg1 Bg4 24. Rxg4 Qxg4 25. Qxb4 Nd7 26. b3 Qxh5 27. Qb7 Rac8 28. Ndc3 Nf6 29. Qxa6 Ng4 30. Ba7 Bf2 31. b4 Bxa7 32. Qxa7 Nh2 33. Qa6 g4 34. c5 Qg5+ 35. Kc2 Qg6+ 36. Kd2 g3 37. Rd1 g2 38. Ke3 0-1

[Event "Zalakaros op 21st"]
[Site "Zalakaros"]
[Date "2002.05.23"]
[Round "1"]
[White "Schild, Herbert"]
[Black "Husari, Satea"]
[Result "1/2-1/2"]
[WhiteElo "2093"]
[BlackElo "2397"]
[PlyCount "85"]
[EventDate "2002.05.23"]
[EventType "swiss"]
[EventRounds "9"]
[EventCountry "HUN"]
[SourceTitle "EXT 2004"]
[Source "ChessBase"]
[SourceDate "2003.11.25"]
[SourceVersion "1"]
[SourceVersionDate "2003.11.25"]
[SourceQuality "1"]

1. e4 c5 2. g3 d5 3. exd5 Qxd5 4. Qf3 Qe5+ 5. Qe3 Qxe3+ 6. dxe3 Nf6 7. Bg2 g6 8. Nc3 Bg7 9. Nb5 Na6 10. c3 0-0 11. Ne2 Ne8 12. Bd2 Nac7 13. Nxc7 Nxc7 14. 0-0 Rb8 15. Rfd1 b6 16. Be1 Bg4 17. f3 Be6 18. Nf4 Bc8 19. e4 e5 20. Nd5 Nxd5 21. exd5 Rd8 22. f4 Bg4 23. Rd2 exf4 24. gxf4 Bf8 25. Bg3 Bd6 26. Re1 Re8 27. Rxe8+ Rxe8 28. Kf2 Kg7 29. Bf3 Bxf3 30. Kxf3 Kf6 31. Re2 Rxe2 32. Kxe2 Kf5 33. Kf3 h5 34. h4 f6 35. c4 Be7 36. b3 Bd6 37. a3 a6 38. Bh2 g5 39. Bg3 gxf4 40. Be1 a5 41. Bd2 Be5 42. a4 Bd6 43. Bc1 1/2-1/2

[Event "Harkany Tenkes Cup 25th"]
[Site "Harkany"]
[Date "2001.11.21"]
[Round "3"]
[White "Vlasic, Nenad"]
[Black "Schild, Herbert"]
[Result "1-0"]
[WhiteElo "2310"]
[BlackElo "2066"]
[PlyCount "77"]
[EventDate "2001.11.19"]
[EventType "swiss"]
[EventRounds "9"]
[EventCountry "HUN"]
[SourceTitle "EXT 2004"]
[Source "ChessBase"]
[SourceDate "2003.11.25"]
[SourceVersion "1"]
[SourceVersionDate "2003.11.25"]
[SourceQuality "1"]

1. c4 d6 2. Nc3 Nf6 3. g3 g6 4. Bg2 Bg7 5. e4 e5 6. Nge2 Nc6 7. 0-0 0-0 8. d3 a6 9. h3 Be6 10. Nd5 Ne7 11. Be3 c6 12. Nxf6+ Bxf6 13. f4 Bg7 14. Qd2 d5 15. cxd5 cxd5 16. fxe5 Bxe5 17. d4 Bg7 18. e5 Rc8 19. Bg5 Qd7 20. Nf4 Nc6 21. Rae1 a5 22. a3 b5 23. h4 b4 24. h5 Rfe8 25. Nxe6 fxe6 26. hxg6 hxg6 27. Qd3 Kh7 28. Rf4 Rh8 29. Rh4+ Kg8 30. Rxh8+ Kxh8 31. Qxg6 Nxd4 32. Rf1 Nf5 33. g4 Qa7+ 34. Kh2 Bxe5+ 35. Kh3 Ng7 36. Bh6 Qd4 37. Bxg7+ Bxg7 38. Qxe6 Rd8 39. Rf5 1-0

[Event "Harkany Tenkes Cup 25th"]
[Site "Harkany"]
[Date "2001.11.20"]
[Round "2"]
[White "Schild, Herbert"]
[Black "Lenart, Endre"]
[Result "1-0"]
[WhiteElo "2066"]
[BlackElo "2180"]
[PlyCount "91"]
[EventDate "2001.11.19"]
[EventType "swiss"]
[EventRounds "9"]
[EventCountry "HUN"]
[SourceTitle "EXT 2004"]
[Source "ChessBase"]
[SourceDate "2003.11.25"]
[SourceVersion "1"]
[SourceVersionDate "2003.11.25"]
[SourceQuality "1"]

1. e4 d5 2. e5 Bf5 3. d4 e6 4. Bd3 c5 5. Bxf5 exf5 6. c3 Nc6 7. Nf3 h6 8. 0-0 g5 9. Qd3 g4 10. Ne1 Qd7 11. g3 h5 12. Ng2 h4 13. Nxh4 Rxh4 14. gxh4 0-0-0 15. f3 Kb8 16. Bg5 Rc8 17. fxg4 fxg4 18. Bf4 Ka8 19. Bg3 cxd4 20. Qf5 Qxf5 21. Rxf5 Nh6 22. Rh5 Ne7 23. Bf4 Nhf5 24. cxd4 Nxd4 25. Nc3 Nf3+ 26. Kh1 d4 27. Ne4 Ng6 28. Rc1 Rd8 29. Bg3 d3 30. Rf5 d2 31. Rd1 Bg7 32. Rxf7 Bxe5 33. h5 Bxg3 34. hxg6 Be5 35. g7 Bxg7 36. Rxg7 Rh8 37. Rxd2 Nxd2 38. Nxd2 a6 39. Rxg4 Rc8 40. Nf1 Rc2 41. Rg2 Rc1 42. Rf2 Kb8 43. Kg2 Kc7 44. h4 Kd6 45. h5 Ke5 46. Ng3 1-0

[Event "Harkany Tenkes Cup 25th"]
[Site "Harkany"]
[Date "2001.11.19"]
[Round "1"]
[White "Galyas, Miklos"]
[Black "Schild, Herbert"]
[Result "1-0"]
[WhiteElo "2347"]
[BlackElo "2066"]
[PlyCount "75"]
[EventDate "2001.11.19"]
[EventType "swiss"]
[EventRounds "9"]
[EventCountry "HUN"]
[SourceTitle "EXT 2004"]
[Source "ChessBase"]
[SourceDate "2003.11.25"]
[SourceVersion "1"]
[SourceVersionDate "2003.11.25"]
[SourceQuality "1"]

1. d4 Nf6 2. c4 g6 3. Nc3 Bg7 4. e4 d6 5. Nf3 0-0 6. Be2 c5 7. 0-0 cxd4 8. Nxd4 Nc6 9. Be3 Nxd4 10. Bxd4 Bd7 11. Qd2 Bc6 12. f3 a6 13. Rfd1 Rb8 14. b4 b5 15. cxb5 axb5 16. a4 bxa4 17. b5 Bd7 18. Rxa4 Nh5 19. Kh1 Bxd4 20. Rxd4 Ng7 21. Ra4 Rb7 22. Rda1 Be6 23. Nd5 Bxd5 24. Qxd5 Qd7 25. Ra8 Ne6 26. Bc4 Qc7 27. f4 Rbb8 28. R8a7 Qb6 29. Rxe7 Nxf4 30. Qd2 Ne6 31. Bxe6 fxe6 32. Qh6 Rf7 33. Rxf7 Kxf7 34. Qxh7+ Kf6 35. Rf1+ Ke5 36. Qg7+ Kxe4 37. Qxg6+ Kd5 38. Rd1+ 1-0

[Event "HUN-ch op"]
[Site "Zalakaros"]
[Date "2001.??.??"]
[Round "1"]
[White "Erdelyi, Zombor"]
[Black "Schild, Herbert"]
[Result "1-0"]
[WhiteElo "2244"]
[BlackElo "2022"]
[PlyCount "61"]
[EventDate "2001.??.??"]
[EventType "swiss"]
[EventRounds "9"]
[EventCountry "HUN"]
[SourceTitle "EXT 2002"]
[Source "ChessBase"]
[SourceDate "2001.11.25"]
[SourceVersion "1"]
[SourceVersionDate "2001.11.25"]
[SourceQuality "1"]

1. e4 d6 2. d4 Nf6 3. Nc3 g6 4. f4 Bg7 5. Nf3 c6 6. Bd3 0-0 7. 0-0 c5 8. dxc5 dxc5 9. e5 Nd5 10. Nxd5 Qxd5 11. Qe2 Nc6 12. Be4 Qd7 13. c3 b6 14. Rd1 Qc7 15. Kh1 Bb7 16. e6 fxe6 17. Ng5 Nd8 18. Nxe6 Nxe6 19. Bxb7 Qxb7 20. Qxe6+ Rf7 21. Rd7 Qa6 22. Be3 Bf6 23. Bxc5 Qb5 24. Bb4 Kg7 25. a4 Qh5 26. Bxe7 Bxe7 27. Rxe7 Rxe7 28. Qxe7+ Kh6 29. Re1 Qg4 30. h3 Qxf4 31. Re4 1-0

[Event "Harkany Tenkes Cup"]
[Site "Harkany"]
[Date "2000.11.19"]
[Round "4"]
[White "Kinez, Ivo"]
[Black "Schild, Herbert"]
[Result "0-1"]
[WhiteElo "2084"]
[BlackElo "2022"]
[PlyCount "88"]
[EventDate "2000.11.16"]
[EventType "swiss"]
[EventRounds "9"]
[EventCountry "HUN"]
[SourceTitle "CBM 079 Extra"]
[Source "ChessBase"]
[SourceDate "2001.01.11"]
[SourceVersion "2"]
[SourceVersionDate "2001.01.25"]
[SourceQuality "1"]

1. e4 d6 2. d4 g6 3. f4 Bg7 4. Nf3 c5 5. d5 Nf6 6. Bb5+ Bd7 7. Bxd7+ Nfxd7 8. 0-0 0-0 9. c4 a6 10. a4 Nf6 11. e5 Ne8 12. Nc3 Nd7 13. Qe2 Nc7 14. Bd2 Rb8 15. Rae1 b5 16. axb5 axb5 17. cxb5 Nb6 18. e6 f6 19. f5 g5 20. Qe4 Qe8 21. h4 h6 22. hxg5 fxg5 23. Rd1 Qh5 24. g4 Qe8 25. Rf2 Bf6 26. Rh2 Kg7 27. Be1 Nxb5 28. Nxb5 Qxb5 29. Bc3 Qa4 30. Bxf6+ Rxf6 31. Qxa4 Nxa4 32. Ra1 Rb4 33. Rg2 Rf8 34. Kh2 Nxb2 35. Ra7 Kf6 36. Kg3 Nd3 37. Rh2 Rh8 38. Re2 Nf4 39. Rd2 h5 40. gxh5 Nxh5+ 41. Kg2 Rh7 42. Ne1 Rg4+ 43. Kf3 Rf4+ 44. Ke3 Rxf5 0-1

[Event "Harkany Tenkes Cup"]
[Site "Harkany"]
[Date "2000.11.17"]
[Round "2"]
[White "Parkanyi, Attila"]
[Black "Schild, Herbert"]
[Result "1-0"]
[WhiteElo "2310"]
[BlackElo "2022"]
[PlyCount "95"]
[EventDate "2000.11.16"]
[EventType "swiss"]
[EventRounds "9"]
[EventCountry "HUN"]
[SourceTitle "CBM 079 Extra"]
[Source "ChessBase"]
[SourceDate "2001.01.11"]
[SourceVersion "2"]
[SourceVersionDate "2001.01.25"]
[SourceQuality "1"]

1. e4 d6 2. d4 g6 3. Nc3 Bg7 4. Be3 Nf6 5. f3 c6 6. Qd2 b5 7. g4 h5 8. gxh5 Nxh5 9. Nge2 Qa5 10. Bg2 Nd7 11. Ng3 Nb6 12. b3 b4 13. Nce2 c5 14. Kf2 Qa3 15. Nxh5 Rxh5 16. Ng3 Rh8 17. h4 Ba6 18. h5 0-0-0 19. hxg6 fxg6 20. Bh3+ Kb8 21. Be6 Rxh1 22. Rxh1 cxd4 23. Bg5 Bf6 24. Bxf6 exf6 25. Qxd4 Qxa2 26. Rc1 Qa5 27. Qxf6 Qc5+ 28. Kg2 Kc7 29. c4 Qe3 30. Rd1 Nc8 31. Qg7+ Kb8 32. Bd5 Nb6 33. Qf6 Kc7 34. Be6 Nc8 35. Qa1 Qxb3 36. Qa5+ Nb6 37. Qxa6 Qxd1 38. Qxa7+ Kc6 39. Bd5+ Kc5 40. Qc7+ Kd4 41. Qxb6+ Kc3 42. Qxd8 Qd2+ 43. Kh3 Qh6+ 44. Kg4 b3 45. Qf6+ Kc2 46. e5 dxe5 47. Be4+ Kc1 48. Qxe5 1-0

[Event "Harkany Tenkes Cup"]
[Site "Harkany"]
[Date "1999.11.22"]
[Round "1"]
[White "Schild, Herbert"]
[Black "Soldo, Josip"]
[Result "1/2-1/2"]
[WhiteElo "2026"]
[BlackElo "2273"]
[PlyCount "94"]
[EventDate "1999.11.??"]
[EventType "swiss"]
[EventRounds "9"]
[EventCountry "HUN"]
[SourceTitle "EXT 2004"]
[Source "ChessBase"]
[SourceDate "2003.11.25"]
[SourceVersion "1"]
[SourceVersionDate "2003.11.25"]
[SourceQuality "1"]

1. e4 c5 2. Nf3 Nc6 3. c3 Nf6 4. e5 Nd5 5. Bc4 e6 6. Bxd5 exd5 7. d4 cxd4 8. cxd4 Bb4+ 9. Nc3 d6 10. exd6 Qxd6 11. 0-0 Be6 12. a3 Ba5 13. b4 Bb6 14. Na4 Bc7 15. b5 Ne7 16. Nc5 0-0-0 17. Nxe6 Qxe6 18. a4 Ng6 19. Re1 Qd7 20. Ba3 Rhe8 21. Qc2 Kb8 22. h3 Ba5 23. Rxe8 Rxe8 24. Rc1 Nf4 25. Kf1 g6 26. Qc5 Qf5 27. Ne5 Bb6 28. Qd6+ Ka8 29. Bc5 Bxc5 30. Qxc5 f6 31. Nc6 Qd3+ 32. Kg1 b6 33. Qd6 Qe4 34. f3 Nxh3+ 35. Kh2 Qf4+ 36. Qxf4 Nxf4 37. Nb4 Kb7 38. Rc6 Re2 39. Rxf6 g5 40. Rf7+ Kc8 41. Nc6 Rxg2+ 42. Kh1 Ra2 43. Nxa7+ Kd8 44. Nc6+ Kc8 45. Na7+ Kd8 46. Nc6+ Kc8 47. Na7+ Kd8 1/2-1/2

[Event "Bled Seniors op"]
[Site "Bled"]
[Date "1999.??.??"]
[Round "?"]
[White "Marjanovic, Slavko"]
[Black "Schild, Herbert"]
[Result "1-0"]
[WhiteElo "2038"]
[BlackElo "2034"]
[PlyCount "72"]
[EventDate "1999.??.??"]
[EventType "swiss"]
[EventRounds "9"]
[EventCountry "SLO"]
[SourceTitle "EXT 2000"]
[Source "ChessBase"]
[SourceDate "1999.11.16"]
[SourceVersion "1"]
[SourceVersionDate "1999.11.16"]
[SourceQuality "1"]

1. d4 Nf6 2. c4 g6 3. Nc3 Bg7 4. e4 d6 5. Nf3 0-0 6. h3 c5 7. d5 Na6 8. Be3 Nc7 9. Qd2 a6 10. Bd3 Bd7 11. 0-0 b5 12. Bh6 bxc4 13. Bxc4 Nb5 14. Bxg7 Kxg7 15. e5 Ne8 16. a4 Nxc3 17. Qxc3 dxe5 18. Nxe5 f6 19. Nd3 Qc7 20. Rfe1 Bf5 21. Re3 Bxd3 22. Qxd3 Nd6 23. Rae1 Rf7 24. g4 Ra7 25. b3 Qa5 26. Kg2 Qb6 27. Re6 a5 28. R1e3 Rb7 29. Bb5 Qc7 30. Bc4 Rb4 31. Qe2 Kf8 32. Qc2 Qd7 33. Rc3 Qa7 34. Bb5 c4 35. Rxc4 Rxc4 36. bxc4 Qd4 1-0

[Event "Harkany Tenkes Cup"]
[Site "Harkany"]
[Date "1998.??.??"]
[Round "?"]
[White "Kinez, Ivo"]
[Black "Schild, Herbert"]
[Result "0-1"]
[WhiteElo "2075"]
[BlackElo "2040"]
[PlyCount "86"]
[EventDate "1998.11.??"]
[EventType "swiss"]
[EventRounds "9"]
[EventCountry "HUN"]
[SourceTitle "EXT 2002"]
[Source "ChessBase"]
[SourceDate "2001.11.25"]
[SourceVersion "1"]
[SourceVersionDate "2001.11.25"]
[SourceQuality "1"]

1. e4 d6 2. d4 Nf6 3. Nc3 g6 4. f4 Bg7 5. Nf3 0-0 6. Bd3 b6 7. 0-0 Ba6 8. Bxa6 Nxa6 9. Qe2 Nb8 10. e5 Ne8 11. Be3 d5 12. Bf2 c6 13. Rae1 e6 14. a4 Nc7 15. Kh1 Nd7 16. Bh4 Qe8 17. b3 a6 18. Ra1 c5 19. Nd1 cxd4 20. Nxd4 f6 21. exf6 Nxf6 22. c3 Ne4 23. Rc1 e5 24. fxe5 Qxe5 25. Rxf8+ Rxf8 26. Ne3 Qf4 27. Be7 Re8 28. Rf1 Qh6 29. Qf3 Rxe7 30. Ng4 Qg5 31. Nc6 Nd2 32. Nxe7+ Qxe7 33. Nf6+ Kh8 34. Qh3 Bxf6 35. Rc1 Ne4 36. Qc8+ Kg7 37. b4 Nd6 38. Qh3 Ne4 39. Qc8 Be5 40. b5 axb5 41. axb5 Qh4 42. Qd7+ Kh6 43. h3 Ng3+ 0-1

[Event "Zalakaros op 17th"]
[Site "Zalakaros"]
[Date "1998.??.??"]
[Round "3"]
[White "Waller, Helmut"]
[Black "Schild, Herbert"]
[Result "1-0"]
[WhiteElo "2190"]
[BlackElo "2040"]
[PlyCount "85"]
[EventDate "1998.05.??"]
[EventType "swiss"]
[EventRounds "9"]
[EventCountry "HUN"]
[SourceTitle "EXT 2002"]
[Source "ChessBase"]
[SourceDate "2001.11.25"]
[SourceVersion "1"]
[SourceVersionDate "2001.11.25"]
[SourceQuality "1"]

1. d4 d5 2. c4 e6 3. Nc3 Nf6 4. Nf3 c6 5. Bf4 g6 6. c5 Bg7 7. Bd6 Nbd7 8. e3 Bf8 9. Bxf8 Kxf8 10. Bd3 Qe7 11. 0-0 e5 12. dxe5 Nxe5 13. Nxe5 Qxe5 14. h3 Kg7 15. Qf3 Re8 16. Rfd1 Qe7 17. b4 a5 18. a3 Qe5 19. Na4 axb4 20. axb4 Be6 21. Bc2 Nd7 22. Qe2 Qg5 23. Kh1 Qh4 24. Rd4 Qf6 25. Rad1 Reb8 26. Qd2 Ne5 27. Nb6 Ra2 28. f4 Nd7 29. Nxd7 Bxd7 30. e4 Be6 31. e5 Qe7 32. Qc3 Rba8 33. Rf1 R2a3 34. Qe1 Qd7 35. f5 gxf5 36. Qh4 Qd8 37. Qh5 Ra1 38. Rxa1 Rxa1+ 39. Kh2 h6 40. Bxf5 Qf8 41. Rh4 Kh8 42. Bxe6 fxe6 43. Qg6 1-0

[Event "Harkany Tenkes Cup"]
[Site "Harkany"]
[Date "1998.??.??"]
[Round "?"]
[White "Zemerov, Vladimir"]
[Black "Schild, Herbert"]
[Result "1-0"]
[WhiteElo "2330"]
[BlackElo "2040"]
[PlyCount "69"]
[EventDate "1998.11.??"]
[EventType "swiss"]
[EventRounds "9"]
[EventCountry "HUN"]
[SourceTitle "EXT 2002"]
[Source "ChessBase"]
[SourceDate "2001.11.25"]
[SourceVersion "1"]
[SourceVersionDate "2001.11.25"]
[SourceQuality "1"]

1. Nf3 d6 2. d4 Nf6 3. Nc3 g6 4. e4 Bg7 5. Bg5 0-0 6. Qd2 c5 7. d5 Ng4 8. h3 Ne5 9. Ng1 f6 10. Be3 a6 11. f4 Nf7 12. a4 e5 13. Nf3 exf4 14. Bxf4 Nd7 15. Be2 Nde5 16. a5 b5 17. axb6 Qxb6 18. Na4 Qb7 19. 0-0 Bd7 20. Rfb1 Nxf3+ 21. Bxf3 Ne5 22. Be2 Bb5 23. c4 Bxa4 24. Rxa4 f5 25. exf5 Rxf5 26. Be3 Nd7 27. Bd3 Rff8 28. b4 Qc7 29. Kh1 cxb4 30. Raxb4 Ne5 31. Rb6 Nxd3 32. Qxd3 Rfb8 33. c5 dxc5 34. d6 Qa7 35. Qb3+ 1-0

[Event "Bled Seniors op"]
[Site "Bled"]
[Date "1997.??.??"]
[Round "?"]
[White "Schild, Herbert"]
[Black "Ivacic, Vladimir"]
[Result "0-1"]
[WhiteElo "2070"]
[BlackElo "2285"]
[PlyCount "120"]
[EventDate "1997.??.??"]
[EventType "swiss"]
[EventRounds "9"]
[EventCountry "SLO"]
[SourceTitle "EXT 1999"]
[Source "ChessBase"]
[SourceDate "1998.11.16"]
[SourceVersion "1"]
[SourceVersionDate "1998.11.16"]
[SourceQuality "1"]

1. e4 c6 2. d4 d5 3. exd5 cxd5 4. Nf3 Nf6 5. Bd3 Nc6 6. c3 Bg4 7. h3 Bh5 8. Bf4 e6 9. Nbd2 Be7 10. Qb3 Qc8 11. 0-0 0-0 12. Rac1 Rd8 13. Rfe1 a6 14. g4 Bg6 15. Bxg6 hxg6 16. Ne5 Nxe5 17. Bxe5 b5 18. a4 Qb7 19. axb5 axb5 20. Ra1 Qc6 21. Rxa8 Rxa8 22. Kg2 Nd7 23. Bg3 Nb6 24. Nf3 Nc4 25. h4 b4 26. cxb4 Qb6 27. Rd1 Qxb4 28. Qxb4 Bxb4 29. b3 Na3 30. Rc1 Nb5 31. Bf4 Bc3 32. Be3 f6 33. Kf1 Ra2 34. Rb1 Kf7 35. Kg2 Ke7 36. Kg3 Kd6 37. h5 gxh5 38. gxh5 Ra8 39. Rd1 Ra3 40. Rb1 Ke7 41. Kg4 Ra2 42. Kg3 Kf7 43. Kg4 Ra3 44. Kg3 Nd6 45. Kg2 Ra8 46. Nd2 Ra2 47. Nf3 Nf5 48. Kf1 Nd6 49. Ng1 Ne4 50. Ne2 Bd2 51. Rd1 Rb2 52. Ra1 Bxe3 53. fxe3 Rxb3 54. Ra7+ Kg8 55. h6 gxh6 56. Nf4 Rxe3 57. Ra8+ Kf7 58. Ra7+ Ke8 59. Ra8+ Kd7 60. Ra7+ Kc6 0-1

[Event "Balatonbereny op-B"]
[Site "Balatonbereny"]
[Date "1996.??.??"]
[Round "7"]
[White "Dlauchy, Peter"]
[Black "Schild, Herbert"]
[Result "0-1"]
[WhiteElo "2045"]
[BlackElo "2090"]
[PlyCount "42"]
[EventDate "1996.06.??"]
[EventType "swiss"]
[EventRounds "9"]
[EventCountry "HUN"]
[SourceTitle "CBM 053 Extra"]
[Source "ChessBase"]
[SourceDate "1996.09.01"]
[SourceVersion "1"]
[SourceVersionDate "1996.09.01"]
[SourceQuality "1"]

1. e4 d6 2. d4 Nf6 3. Nc3 g6 4. Bf4 Bg7 5. Qd2 c6 6. 0-0-0 b5 7. Bd3 Qa5 8. Kb1 b4 9. Nce2 Be6 10. a3 c5 11. d5 Bd7 12. axb4 Qxb4 13. Nc3 a5 14. Na2 Qb6 15. Nc3 Na6 16. Bxa6 Rxa6 17. f3 0-0 18. Nge2 Rb8 19. Qc1 a4 20. Be3 Qb7 21. Ka2 Rb6 0-1

[Event "Balatonbereny op-B"]
[Site "Balatonbereny"]
[Date "1996.??.??"]
[Round "3"]
[White "Rabovszky, Gyorgy"]
[Black "Schild, Herbert"]
[Result "1-0"]
[WhiteElo "2080"]
[BlackElo "2090"]
[PlyCount "79"]
[EventDate "1996.06.??"]
[EventType "swiss"]
[EventRounds "9"]
[EventCountry "HUN"]
[SourceTitle "CBM 053 Extra"]
[Source "ChessBase"]
[SourceDate "1996.09.01"]
[SourceVersion "1"]
[SourceVersionDate "1996.09.01"]
[SourceQuality "1"]

1. d4 Nf6 2. g3 g6 3. Bg2 Bg7 4. Nf3 0-0 5. 0-0 d5 6. Nc3 c6 7. Bg5 Nbd7 8. Re1 e6 9. Qd2 Qb6 10. b3 Ne4 11. Nxe4 dxe4 12. Ne5 Nxe5 13. dxe5 Bxe5 14. Rad1 Bg7 15. Bxe4 e5 16. Be3 Qc7 17. Qd6 Qxd6 18. Rxd6 Be6 19. Red1 Rfc8 20. c4 a6 21. Kg2 Bf8 22. R6d2 Bb4 23. Rb2 Rd8 24. Rbb1 f5 25. Bc2 Kf7 26. Bb6 Rxd1 27. Rxd1 Be7 28. e4 Rc8 29. exf5 gxf5 30. a4 c5 31. Ba5 Rc6 32. Bc3 e4 33. f3 exf3+ 34. Kxf3 b5 35. axb5 axb5 36. cxb5 Rb6 37. Bd3 Bxb3 38. Rb1 c4 39. Kf4 Rxb5 40. Rxb3 1-0

[Event "Zalakaros op 15th"]
[Site "Zalakaros"]
[Date "1996.??.??"]
[Round "4"]
[White "Schild, Herbert"]
[Black "Horvath, Sandor"]
[Result "0-1"]
[WhiteElo "2085"]
[BlackElo "2295"]
[PlyCount "114"]
[EventDate "1996.??.??"]
[EventType "swiss"]
[EventRounds "9"]
[EventCountry "HUN"]
[SourceTitle "CBM 052 Extra"]
[Source "ChessBase"]
[SourceDate "1996.07.01"]
[SourceVersion "1"]
[SourceVersionDate "1996.07.01"]
[SourceQuality "1"]

1. e4 c5 2. Nf3 Nc6 3. c3 Qa5 4. Be2 Nf6 5. d3 e5 6. 0-0 Be7 7. Nbd2 d5 8. exd5 Nxd5 9. Nc4 Qc7 10. d4 cxd4 11. cxd4 e4 12. Nfe5 0-0 13. Nxc6 Qxc6 14. Ne5 Qc7 15. f3 exf3 16. Bxf3 Be6 17. Bxd5 Bxd5 18. Qh5 Rad8 19. Be3 Qc2 20. Rf2 Qe4 21. Qf3 Bh4 22. g3 Qxf3 23. Nxf3 Rfe8 24. Nxh4 Rxe3 25. Nf5 Re4 26. Rd2 Be6 27. Nh4 Rexd4 28. Rxd4 Rxd4 29. Nf3 Rc4 30. b3 Rc3 31. Nd4 Bd7 32. Rd1 g6 33. Kf2 h5 34. h4 Bg4 35. Rd2 a6 36. Kg2 Kg7 37. Kf2 Rc1 38. Kg2 Rd1 39. Rxd1 Bxd1 40. b4 Kf6 41. Kf2 Ke5 42. Ke3 Kd5 43. Kd3 f6 44. Ke3 Kc4 45. a3 Bg4 46. Ke4 Bd7 47. Ke3 Kc3 48. Ne2+ Kb3 49. Kd4 Kxa3 50. Kc5 b6+ 51. Kxb6 Kxb4 52. Nf4 a5 53. Nd5+ Kc4 54. Nxf6 a4 55. Nxd7 a3 56. Ne5+ Kc3 57. Nxg6 a2 0-1

[Event "Zalakaros op 15th"]
[Site "Zalakaros"]
[Date "1996.??.??"]
[Round "7"]
[White "Schild, Herbert"]
[Black "Ormos, Gaszton"]
[Result "1-0"]
[WhiteElo "2085"]
[BlackElo "2170"]
[PlyCount "100"]
[EventDate "1996.??.??"]
[EventType "swiss"]
[EventRounds "9"]
[EventCountry "HUN"]
[SourceTitle "CBM 052 Extra"]
[Source "ChessBase"]
[SourceDate "1996.07.01"]
[SourceVersion "1"]
[SourceVersionDate "1996.07.01"]
[SourceQuality "1"]

1. e4 c5 2. Nf3 e6 3. c3 Nf6 4. e5 Nd5 5. d4 cxd4 6. Nxd4 Nc6 7. Nxc6 bxc6 8. Bd3 Qc7 9. Qe2 d6 10. exd6 Bxd6 11. h3 Bf4 12. Nd2 a5 13. a3 0-0 14. c4 Bxd2+ 15. Bxd2 Nf4 16. Bxf4 Qxf4 17. Qe4 Qxe4+ 18. Bxe4 Rb8 19. Rb1 c5 20. Ke2 Bb7 21. Bxb7 Rxb7 22. Kd2 Rfb8 23. Kc2 a4 24. Rhd1 Kf8 25. Rd6 Ra7 26. Rc6 Ra5 27. Rc7 g5 28. Rd1 Kg7 29. Rdd7 Rf8 30. Ra7 Rxa7 31. Rxa7 Kf6 32. Rxa4 Ke5 33. Ra7 Kd4 34. b3 h5 35. Rd7+ Ke5 36. Kc3 f5 37. a4 h4 38. Rc7 Kf4 39. Rxc5 e5 40. Rc7 e4 41. a5 e3 42. fxe3+ Kg3 43. Rg7 g4 44. hxg4 fxg4 45. a6 Ra8 46. a7 Rxa7 47. Rxa7 Kxg2 48. c5 h3 49. c6 g3 50. c7 h2 1-0

[Event "Zalakaros op 15th"]
[Site "Zalakaros"]
[Date "1996.??.??"]
[Round "8"]
[White "Severgin, Valentin"]
[Black "Schild, Herbert"]
[Result "1-0"]
[WhiteElo "2265"]
[BlackElo "2085"]
[PlyCount "75"]
[EventDate "1996.??.??"]
[EventType "swiss"]
[EventRounds "9"]
[EventCountry "HUN"]
[SourceTitle "CBM 052 Extra"]
[Source "ChessBase"]
[SourceDate "1996.07.01"]
[SourceVersion "1"]
[SourceVersionDate "1996.07.01"]
[SourceQuality "1"]

1. e4 e5 2. Nf3 Nc6 3. Bc4 h6 4. 0-0 Be7 5. d3 Nf6 6. Re1 d6 7. c3 Bg4 8. h3 Be6 9. Nbd2 Qd7 10. b4 Bxc4 11. Nxc4 b5 12. Ne3 0-0 13. a4 a6 14. Qb3 Rab8 15. Bd2 Nd8 16. axb5 axb5 17. Ra7 Nc6 18. Ra6 Rb7 19. Rea1 Rfb8 20. Nd5 Nd8 21. Be3 Nxd5 22. exd5 Qf5 23. Qc2 Bf6 24. Nd2 g5 25. Nb3 Rc8 26. Ra7 Rxa7 27. Rxa7 Be7 28. Nd2 Bf8 29. g4 Qg6 30. Ne4 f5 31. gxf5 Qxf5 32. Kh2 c6 33. dxc6 Nxc6 34. Qb3+ Kh8 35. Rf7 Qg6 36. Rf6 Qg7 37. Qe6 Rd8 38. Rf7 1-0